000 00535nam a22001937a 4500
005 20251108170047.0
008 250721s1977 xx 000 0 ara d
082 1 4 _aط/ق/رشي
100 1 _aالذوادي، رشيد
245 1 0 _aالحبيب ثامر /
264 1 _aتونس :
_bمكتبة النجاح،
_c1977.
300 _a40ص
490 0 _aعظماء بلادي
650 1 7 _aالأدب العربي
650 1 7 _aأدب الأطفال
650 1 7 _aالقصص العربيه
942 _2ddc
_cBK
999 _c38686
_d38686